<?xml version="1.0" encoding="UTF-8"?><?xml-stylesheet type="text/xsl" href="static/style.xsl"?><OAI-PMH xmlns="http://www.openarchives.org/OAI/2.0/" xmlns:xsi="http://www.w3.org/2001/XMLSchema-instance" xsi:schemaLocation="http://www.openarchives.org/OAI/2.0/ http://www.openarchives.org/OAI/2.0/OAI-PMH.xsd"><responseDate>2026-04-27T21:51:46Z</responseDate><request verb="GetRecord" identifier="oai:uvadoc.uva.es:10324/18399" metadataPrefix="marc">https://uvadoc.uva.es/oai/request</request><GetRecord><record><header><identifier>oai:uvadoc.uva.es:10324/18399</identifier><datestamp>2021-08-26T08:43:46Z</datestamp><setSpec>com_10324_38</setSpec><setSpec>col_10324_852</setSpec></header><metadata><record xmlns="http://www.loc.gov/MARC21/slim" xmlns:doc="http://www.lyncode.com/xoai" xmlns:xsi="http://www.w3.org/2001/XMLSchema-instance" xmlns:dcterms="http://purl.org/dc/terms/" xsi:schemaLocation="http://www.loc.gov/MARC21/slim http://www.loc.gov/standards/marcxml/schema/MARC21slim.xsd">
<leader>00925njm 22002777a 4500</leader>
<datafield tag="042" ind1=" " ind2=" ">
<subfield code="a">dc</subfield>
</datafield>
<datafield tag="720" ind1=" " ind2=" ">
<subfield code="a">Sinobas Pascual, Patricia</subfield>
<subfield code="e">author</subfield>
</datafield>
<datafield tag="260" ind1=" " ind2=" ">
<subfield code="c">2016</subfield>
</datafield>
<datafield tag="520" ind1=" " ind2=" ">
<subfield code="a">En este trabajo se detalla el proceso y criterios seguidos en del diseño de la&#xd;
interfaz gráfica de un videojuego para personas con necesidades especiales. Este videojuego será utilizado por alumnos con Síndrome de Down y otras discapacidades como herramienta para mejorar sus habilidades comunicativas. Para el desarrollo se ha realizado un estudio sobre las características de las personas con síndrome de Down y se ha analizado su comportamiento con la aplicación.&#xd;
También se habla de la metodología utilizada en el proyecto y se explica cómo ha sido el&#xd;
trabajo cooperativo entre personas de diferentes áreas del conocimiento, extrapolando este&#xd;
método de trabajo de cara a una actividad profesional. También se habla de las herramientas&#xd;
(hardware y software) utilizadas, y se plantean unas conclusiones con los resultados obtenidos de las pruebas hechas con alumnos reales.</subfield>
</datafield>
<datafield tag="024" ind2=" " ind1="8">
<subfield code="a">http://uvadoc.uva.es/handle/10324/18399</subfield>
</datafield>
<datafield ind1=" " ind2=" " tag="653">
<subfield code="a">Lenguaje y lenguas-Enseñanza asistida por ordenador</subfield>
</datafield>
<datafield ind1=" " ind2=" " tag="653">
<subfield code="a">Down, Síndrome de</subfield>
</datafield>
<datafield tag="245" ind1="0" ind2="0">
<subfield code="a">Desarrollo de grafismos para videojuego educativo para la mejora de la pronunciación de personas con Síndrome de Down</subfield>
</datafield>
</record></metadata></record></GetRecord></OAI-PMH>